Add an 'AD' Quiz Stats

Quiz Updated Mar 4, 2015

Also try: Add an 'ER'
Challenge
Share
Tweet
Embed
Score 0/21 Timer 05:00
0 Plays Today
Before Hint Word % Correct
Cinderella eventball → ballad
83.1%
An 'impossible' task for Tom Cruisemission → admission
79.8%
Roll-call responsehere → adhere
77.5%
Trig functionsine → Sinéad
73.6%
Action word verb → adverb
73.5%
Kind of rehearsaldress → address
68.9%
Howard, Artest or WeasleyRon → radon
68.5%
To grow wearytire → tirade
68%
Peel, as an applepare → parade
66.9%
Panic button on a keyboardescape → escapade
64.8%
Night beforeeve → evade
60.9%
Before Hint Word % Correct
Lecherous lookleer → leader
60.6%
Kind of biology or soldiermarine → marinade
60.2%
Bad habit that's hard to breakvice → advice
59.3%
Calm and peacefulserene → serenade
52.4%
List of a sports team or military unitroster → roadster
51.7%
Confrontface → facade
41%
Articulation and enunciationdiction → addiction
31.5%
Type of capitalist or scoutventure → adventure
29.9%
One who implements the sacramentsminister → administer
20.5%
Consider identicalequate → adequate
12.8%

You're not logged in!

Compare scores with friends on all Sporcle quizzes.
Sign Up with Email
OR
Log In

You Might Also Like...

Show Comments

Extras

Top Quizzes Today


Score Distribution

Your Account Isn't Verified!

In order to create a playlist on Sporcle, you need to verify the email address you used during registration. Go to your Sporcle Settings to finish the process.